|
|
|
|
| LEADER |
00000nam a2200000 i 4500 |
| 001 |
DIGINESCAR0001 |
| 003 |
NyNyDIG |
| 006 |
m o d |
| 008 |
200603s1992 pr ob 000 0 spa d |
| 007 |
cr ||||||||||| |
| 035 |
|
|
|a (OCoLC)1159237104
|
| 040 |
|
|
|a DGITA
|b eng
|e rda
|e pn
|c DGITA
|
| 043 |
|
|
|a cc-----
|
| 050 |
1 |
4 |
|a Z6725.C27 ebook
|
| 082 |
0 |
4 |
|a 016.3550330729
|
| 100 |
1 |
|
|a García Muñíz, Humberto,
|e author.
|
| 245 |
1 |
0 |
|a Bibliografía militar del Caribe /
|c por Humberto García Muñíz y Betsaida Vélez Natal.
|
| 264 |
|
1 |
|a Río Piedras, Puerto Rico :
|b Centro de Investigaciones Históricas, Faculdad de Humanidades, Universidad de Puerto Rico, Recinto de Río Piedras,
|c [1992]
|
| 300 |
|
|
|a 1 online resource.
|
| 336 |
|
|
|a text
|b txt
|2 rdacontent
|
| 337 |
|
|
|a computer
|b c
|2 rdamedia
|
| 338 |
|
|
|a online resource
|b cr
|2 rdacarrier
|
| 490 |
1 |
|
|a Op. cit. serie bibliográfica ;
|v no. 1
|
| 588 |
0 |
|
|a Online resource; title from PDF title page (Digitalia, viewed June 3, 2020)
|
| 651 |
|
0 |
|a Caribbean Area
|x Armed Forces
|v Bibliography.
|
| 651 |
|
0 |
|a Caribbean Area
|x History, Military
|v Bibliography.
|
| 651 |
|
0 |
|a Caribbean Area
|x Defenses
|v Bibliography.
|
| 651 |
|
0 |
|a Caribbean Area
|x Strategic aspects
|v Bibliography.
|
| 651 |
|
0 |
|a Caribbean Area
|x Military relations
|v Bibliography.
|
| 655 |
|
0 |
|a Electronic books.
|
| 700 |
1 |
|
|a Vélez Natal, Betsaida,
|e author.
|
| 791 |
2 |
|
|a Digitalia (Firm),
|e distributor.
|
| 793 |
0 |
|
|g Digitalia eBook Collection:
|a Instituto de Estudios del Caribe
|
| 776 |
0 |
8 |
|i Print version:
|a García Muñíz, Humberto.
|t Bibliografía militar del Caribe.
|d Río Piedras, Puerto Rico : Centro de Investigaciones Históricas, Faculdad de Humanidades, Universidad de Puerto Rico, 1992
|w (OCoLC)27918494
|
| 830 |
|
0 |
|a Op. cit.--serie bibliográfica ;
|v no. 1.
|
| 856 |
4 |
0 |
|3 Digitalia Hispánica
|u https://www.digitaliapublishing.com/a/39068/
|
| 910 |
|
|
|a Premium collection: 2020
|